| 000 | 00495nam a2200181Ia 4500 | ||
|---|---|---|---|
| 001 | 16318 | ||
| 005 | 20260306170300.0 | ||
| 008 | 260306t2004||||xx |||||||||||||| ||und|| | ||
| 041 | _aESP | ||
| 082 |
_a348.2 _bK81 |
||
| 100 |
_aKresalja Roselló, Baldo _eAUT |
||
| 245 | 0 |
_aLa propiedad industrial : _bevolución y tratamiento normativo en la región andina y en el Perú |
|
| 260 | _c2004 | ||
| 300 |
_a677 páginas : _ccm. |
||
| 650 | _aGEN | ||
| 654 | _aCDE | ||
| 942 |
_cLIB _dJUS _fJUS _2ddc _n |
||
| 999 |
_c16318 _d16318 |
||